00401nam a2200145Ia 4500008004100000082001000041100001900051245001500070260002200085630001500107730001500122942000900137999001900146952009000165100328s9999 xx 000 0 und d b59446 aKoontz Dean R. aMr Murder. bHeadline Feature. aMr Murder. aMr Murder. cBOOK c545674d545671 00104070aRNVbRNVd2010-03-28l0pRNV-59446r2010-03-28 00:00:00w2010-03-28yBOOK